Statistics for Random Trivia Quiz #7

Click here to take the quiz!

General Stats

  • This quiz has been taken 19 times
  • The average score is 7 of 24

Answer Stats

HintAnswer% Correct
The religious leader of Tibet and since the Chinese Civil War ended a refugee in IndiaDalai Lama
71%
The french word for garden, for example a famous Parisian garden created by the widowed queen, Marie de' MediciJardin
65%
British actress born in Ixelles, Belgium famous for her roles in "Breakfast at Tiffany's" and "My Fair Lady"Audrey Hepburn
59%
The third astrological sign in the zodiac represented by the brothers Castor and PolluxGemini
53%
The woman which face launched a thousand of ships, referring to beginning of a massive war on her behalfHelen of Troy
53%
Considered by many as the greatest footballer of all time, born Edson Arantes do Nascimento he played for the teams Santos and New York CosmosPelé
53%
President of China who have been compared to Winnie the Pooh due to their physical similaritiesXi Jinping
53%
An Italian sculptor and painter during the Renaissance famous for the works Pietá and the Last JudgementMichelangelo
47%
Three wars fought between Rome and Carthage which ended with Rome emerging as the superpower of the MediterraneanPunic Wars
41%
1991 Burmese Nobel Peace Prize laureate, first State Counsellor of Myanmar and an important figure to the partial democracy of BurmaAung San Suu Kyi
24%
The only wonder of the Ancient World which may not have existed, said to be built near the province HillahHanging Gardens of Babylon
24%
Born Eleanora Fagan and nicknamed "Lady Day", one of the most influential pop and jazz artist of all timeBillie Holiday
18%
The greek godess over the dawn, daughter of Hyperion and TheiaEos
18%
The largest island of Thailand located in the Andaman Sea of the west coast of the mainlandPhuket
18%
An American physicist during the 20th century famous for his lectures and work on Q.E.D and path integral formulationRichard Feynman
18%
Polish Marxist, philosopher and economist famous for becoming a socialist martyred together with Karl LiebknechtRosa Luxembourg
12%
Largest city in the Argentinian province of Santa Fe, the birthplace of Che Guevara, Lionel Messi and Marco BielsaRosario
12%
Slovenian philosopher with the work "The Sublime Object of Ideology" and an expert in Marxism and HegelianismSlavoj Žižek
12%
"I've come home, I'm so cold, Let me in through your window..."Heathcliff
6%
A British rock and pop band which original guitarist was Henry PadovaniThe Police
6%
A famous table lamp originating from Monrovia, Czech Republic and characterized by a brass stand and green lamp shadeBanker's lamp
0%
German composer during the early Romantic period famous for his works"Italian Symphony", "Scottish Symphony" and "Elijah"Felix Mendelssohn
0%
A type of club with variants including shishpar and gurzMace
0%
A plant genus of about 30 species also known as "mallow" it gives name to the purple color of mauveMalva
0%

Score Distribution

Percentile by Number Answered

Percent of People with Each Score

Your Score History

You have not taken this quiz